| 000 | 00390pab a2200145 454500 | ||
|---|---|---|---|
| 008 | 180718b2001 xxu||||| |||| 00| 0 eng d | ||
| 100 | _aAnderson, Benedict | ||
| 245 | _aWestern nationalism and Eastern nationalism: is there a difference that matters? | ||
| 260 | _c2001 | ||
| 300 | _ap.31-42 | ||
| 362 | _aMay-Jun | ||
| 650 | _aNationalism | ||
| 773 | _aNew Left Review | ||
| 909 | _a48868 | ||
| 999 |
_c48868 _d48868 |
||